[Event "ISR-ch op"]
[Site "Ramat Aviv"]
[Date "1999.04.07"]
[Round "8"]
[White "Finkel, Alexander"]
[Black "Godes, Dmitry R"]
[Result "1-0"]
[WhiteElo "2455"]
[BlackElo "2360"]
[Annotator "Finkel,A"]
[PlyCount "35"]
[EventDate "1999.03.28"]
[EventType "swiss"]
[EventRounds "9"]
[EventCountry "ISR"]
[SourceTitle "CBM 070"]
[Source "ChessBase"]
[SourceDate "1999.06.08"]
[SourceVersion "1"]
[SourceVersionDate "1999.06.08"]
[SourceQuality "1"]

1. e4 c5 2. Nf3 d6 3. Bb5+ Bd7 4. Bxd7+ Qxd7 5. c4 Nc6 6. d4 Qg4 7. d5 $1 {
Otherwise black easily equalizes the position:} (7. O-O Nxd4 (7... Qxe4 $2 8.
d5 Nb8 9. Qb3 b6 10. Qa4+ Nd7 11. Nc3 Qg4 12. Nb5 Rc8 13. Nxa7 Ra8 14. Qc6 $1
$18) 8. Nxd4 Qxd1 9. Rxd1 cxd4 10. Rxd4 g6 (10... Nf6 11. Nc3 Rc8 12. b3 g6 13.
Bb2 Bg7 14. Rad1 O-O 15. f3 a6 $11 16. R4d2 Rc7 17. Nd5 Nxd5 18. Bxg7 Kxg7 19.
Rxd5 {1/2-1/2 Sahovic,D-Rajkovic,D/JUG-ch 1977}) (10... Rc8 11. b3 g5 $5 12.
Bb2 Bg7 13. Rd2 Bxb2 14. Rxb2 Nf6 15. Nc3 a6 $11 {Velicka,P-Hoffmann,M/Mitropa
Cup 1991 (25)}) 11. Be3 (11. Nc3 Bg7 12. Rd3 Rc8 13. b3 b5 $1 $17 {[%csl Rc3]
[%cal Gg7a1]}) 11... Bg7 12. Rd2 Nf6 (12... Rc8 13. Na3 a6 14. Rad1 Nf6 15. f3
O-O 16. b3 Nd7 17. Re2 {1/2-1/2 Kavalek,L-Huebner,R/Solingen 1986}) 13. f3 Rc8
14. Na3 a6 $11) 7... Qxe4+ $5 {Accepting the challange!After} (7... Nd4 $6 8.
Nbd2 Nxf3+ 9. Qxf3 Nf6 10. Qxg4 Nxg4 11. Nf3 e5 12. dxe6 fxe6 13. h3 Nf6 14. e5
$14 {white has very comfortable advantage in the endgame; Tal,M-Balashov,Y/
URS-ch42 1974 (53)}) 8. Be3 Nd4 {The best try.In other cases white's
initiative is very dangerous.} (8... Nb4 9. Qa4+ Kd8 10. O-O Nc2 (10... Qc2 11.
Qb5 Qf5 12. Qxb7 Qc8 13. Qxc8+ Kxc8 14. Ng5 Nh6 15. a3 Nc2 16. Ra2 a5 17. b3
Nxe3 18. fxe3 Rb8 19. Nd2 g6 20. Nxf7 Nxf7 21. Rxf7 Kd7 22. a4 Ke8 23. Rf3 Bg7
24. Rc2 Kd7 25. Kf2 h5 26. Rg3 Rh6 27. h3 Be5 28. Rf3 g5 29. Rf5 g4 30. hxg4
hxg4 31. Rc1 Rh4 32. Rb1 Rbh8 33. Ne4 Bg7 34. Rf7 Be5 35. Rf5 Bg7 36. Kg3 Rh1
37. Rxh1 Rxh1 38. Kxg4 Rb1 39. Rf7 Be5 40. Kg5 Ke8 41. Rf3 {1-0 Makarichev,
S-Tseshkovsky,V/URS-ch48 1980}) 11. Ng5 $5 Qg6 12. Nxf7+ Qxf7 13. Qxc2 $16) (
8... Nb8 9. Qb3 b6 10. Qa4+ Nd7 11. Nc3 Qg6 12. Nb5 $16) 9. Qa4+ b5 $6 {
The losing move.After correct 9...Kd8 a lot of interesting variations come up:}
(9... Kd8 $5 10. Nbd2 (10. Nc3 Nxf3+ 11. gxf3 Qxf3 12. Rg1 Nf6 13. Qa5+ b6 14.
Qa6 Qh3 $1 $13) 10... Nc2+ $1 (10... Qd3 11. Bxd4 cxd4 12. O-O-O Nf6 (12... g6
{[%csl Rc1,Rd2][%cal Gf8h6,Gh6c1]} 13. h4 $1 {[%csl Gg5]} Bg7 $2 (13... Bh6 14.
Ng5 $1 Qf5 15. f4 $1 Qf6 (15... Kc7 16. Qa5+ $1 b6 17. Qa4 $16 {[%csl Rc6]})
16. Rhf1 $40) 14. Ng5 Qf5 15. Rh3 $1 $16 {[%csl Rf7][%cal Gh3f3]}) 13. Nb3 Qg6
14. Na5 Rb8 15. Nxd4 Qxg2 (15... Kc8 16. g3 $16) 16. Ndc6+ bxc6 17. Nxc6+ Kc7
18. Nxb8 Kxb8 19. Qb5+ Ka8 20. Qc6+ Kb8 21. Rhg1 Qxf2 22. Rg3 Qf4+ 23. Kb1 Qf5+
24. Ka1 Nd7 25. Rb3+ Nb6 26. a4 Qc2 27. Rdd3 $18) 11. Ke2 Qg6 12. Rab1 Nxe3 13.
fxe3 $1 (13. Kxe3 $6 Qxg2 14. b4 g6 (14... cxb4 15. Rhg1 Qh3 16. Rxb4 Qc8 17.
Ng5 Nh6 18. Ndf3 $13) (14... Nf6 15. bxc5 (15. Rhg1 Qh3 16. bxc5 Qd7 17. c6
bxc6 18. dxc6 Qe6+ 19. Kd3 Qf5+ 20. Kc3 $13) 15... Ng4+ 16. Kd3 Nxf2+ 17. Kc2
Nxh1 18. Rxb7 Qg4 19. Qa5+ Ke8 20. Qb5+ Kd8 21. Qa5+ $11) 15. bxc5 Bh6+ 16. Ke2
Bxd2) 13... Qxg2+ 14. Kd3 Nf6 (14... Qg6+ 15. e4 e6 16. b4 exd5 17. cxd5 b6 18.
bxc5 $36) 15. Rhg1 $1 Qh3 16. Ng5 Qh5 17. b4 h6 18. bxc5 $1 hxg5 19. Rxb7 $40)
10. Qa6 Nc2+ 11. Kd2 Nb4 $2 ({Missing a chanse to put up some resistance:} 
11... Qd3+ $1 12. Kc1 $1 (12. Kxd3 Nb4+ 13. Ke2 Nxa6 14. cxb5 Nc7 15. Nc3 Nf6
16. Rhd1 e6 17. dxe6 fxe6 18. a4 Ncd5 $132) 12... Rb8 $8 13. Qxa7 (13. Qc6+ $5
Kd8 14. Ng5 (14. Rd1) 14... Qg6 (14... Nh6 15. Ne6+ $1 fxe6 16. dxe6 $18) 15.
Nxf7+ Qxf7 16. Kxc2 Qg6+ 17. Kc1 Qxg2 18. Rd1 b4 19. a3 $1 $16) 13... Rd8 14.
Rd1 (14. Qb7 Nxa1 {1/2-1/2 Stean,M-Geller,E/Moscow 1975}) 14... Qg6 $1 (14...
Qxc4 $2 15. b3 Qe4 16. Nc3 Qg6 17. Nh4 Qf6 18. Kxc2 Qxh4 19. Nxb5 $18) 15. Nh4
Qe4 16. Nc3 (16. Nd2) 16... Qxh4 17. Kxc2 Qxc4 18. b3 Qg4 $8 19. a4 $1 $16 {
in both cases with enormous advantage for white.}) 12. Qxb5+ Kd8 13. Ne1 $1 $18
{[%csl Rb4] The last touch:after this simple,but very nice move black is
helpless-his knight on b4 will soon fall a prey of white a-pawn!} Kc8 14. Nc3
Qf5 15. a3 Rb8 16. Qa4 Nf6 17. axb4 cxb4 18. Nb5 1-0

[Event "Candidates FIDE sf2"]
[Site "Sanghi Nagar"]
[Date "1994.??.??"]
[Round "7"]
[White "Kramnik, Vladimir"]
[Black "Gelfand, Boris"]
[Result "1/2-1/2"]
[WhiteElo "2710"]
[BlackElo "2685"]
[Annotator "Ftacnik,L"]
[PlyCount "45"]
[EventDate "1994.07.??"]
[EventType "match"]
[EventRounds "8"]
[EventCountry "IND"]
[SourceTitle "CBM 042"]
[Source "ChessBase"]
[SourceDate "1994.10.01"]
[SourceVersion "1"]
[SourceVersionDate "1994.10.01"]
[SourceQuality "1"]

1. e4 c5 2. Nf3 d6 3. Bb5+ Bd7 4. Bxd7+ Qxd7 5. c4 Nf6 6. Nc3 Nc6 7. O-O g6 8.
d4 cxd4 9. Nxd4 Bg7 10. Nde2 O-O 11. f3 a6 12. a4 Qd8 (12... b6 13. Be3 Qb7 14.
b3 Nd7 15. Rb1 Rfe8 16. Kh1 Rad8 17. Qd2 Nc5 18. Bg5 Ne5 19. Nd5 f6 20. Bh4 g5
21. Bf2 e6 22. Ndc3 a5 23. Qc2 Bh6 24. Rbd1 {Bologan,V-Golubev,M/Biel op (08)/
1993/0-1 (60)}) (12... Qc7 13. Be3 e6 14. Rc1 Nd7 15. Kh1 Nc5 16. Bg1 Nb4 17.
b3 Rad8 18. Rb1 Rd7 19. Qd2 f5 20. exf5 Rxf5 21. Ng3 Rf8 22. Nce4 Ncd3 23. Nf2
Nxf2+ 24. Bxf2 {Brandis,I-Iosif,C/Bucharest-W (02)/1993/1-0 (58)}) (12... Na5
13. b3 e6 14. Ra2 Rfd8 15. Be3 Qe7 16. Rd2 Rd7 17. Qb1 d5 $132 {Khomyakov,
V-Dukaczewski,P/Warszaw op/1993/1-0 (27)}) 13. Be3 Qa5 14. Rc1 (14. Nd5 $5 Nxd5
(14... Nd7 15. b4 $1 Nxb4 16. Nxe7+ Kh8 17. Rb1 $36) 15. exd5 Ne5 (15... Nb4
16. Nd4 Rac8 17. b3 $13) 16. b3 Qb4 17. Nd4 $14) 14... Nd7 15. b3 Nc5 16. Na2 (
16. Nd5 e6 17. b4 Nxb4 18. Nxb4 Qxb4 19. Qxd6 Rfc8) 16... Rac8 17. Rb1 (17. b4
$2 Nxb4 18. Bd2 Ncd3 $1) 17... b5 $1 18. cxb5 (18. b4 Qxa4 19. cxb5 axb5 20.
bxc5 Qxa2 21. cxd6 Rfd8 $15) 18... axb5 19. axb5 Qxb5 (19... Qxa2 20. bxc6 Rxc6
21. Nd4 Rb6 $10) 20. Nac3 Qd3 $1 21. Nd5 (21. Bxc5 Qxd1 22. Rfxd1 dxc5 $10)
21... Rb8 (21... e6 22. Bxc5 Qxd1 23. Rfxd1 dxc5 24. Nb6 Rc7 $10) 22. b4 Nxb4
$1 23. Nxe7+ (23. Rxb4 $2 Rxb4 24. Qxd3 Nxd3 25. Nxb4 Nxb4 $17) 1/2-1/2

[Event "Tata Steel-A 76th"]
[Site "Wijk aan Zee"]
[Date "2014.01.26"]
[Round "11"]
[White "Karjakin, Sergey"]
[Black "Dominguez Perez, Leinier"]
[Result "1/2-1/2"]
[WhiteElo "2759"]
[BlackElo "2754"]
[Annotator "Ftacnik,L"]
[PlyCount "141"]
[EventDate "2014.01.11"]
[EventType "tourn"]
[EventRounds "11"]
[EventCountry "NED"]
[EventCategory "20"]
[SourceTitle "CBM 159"]
[Source "ChessBase"]
[SourceDate "2014.03.17"]
[SourceVersion "1"]
[SourceVersionDate "2014.03.17"]
[SourceQuality "1"]

{[%mdl 128]} 1. Nf3 c5 2. e4 d6 3. Bb5+ Bd7 4. Bxd7+ Qxd7 5. O-O Nf6 6. Qe2 Nc6
7. Rd1 Rc8 8. c3 e6 9. d4 cxd4 10. Nxd4 {Karjakin spends a lot of time on
studying the intricacies of various openings and his choice in the positions
is pretty certainly well informed. White has the positional line 10.cxd4 with
pawns fighting for the centre or the more dangerous gambit with 10.Bg5. In
either case Black manages to hold equality, but the knight recapture on d4
seems to be the least ambitious idea.} (10. cxd4 d5 11. e5 (11. Nc3 Bb4 12. Ne5
Nxe5 13. dxe5 Bxc3 14. exf6 Bxf6 15. exd5 O-O 16. dxe6 Qxe6 17. Qxe6 fxe6 18.
Be3 Rc2 19. Bxa7 Ra8 20. Be3 Rxb2 21. g4 Raxa2 22. Rxa2 Rxa2 $15 {1/2 (31)
Collins,S (2439)-Romero Holmes,A (2501) Dublin 2012}) 11... Ne4 12. Be3 (12.
Nbd2 Nxd2 13. Bxd2 Be7 14. Bc3 O-O 15. Ne1 f6 16. exf6 Rxf6 17. Nd3 Rcf8 18. f4
Bd6 19. g3 h6 20. Qh5 $11 {1/2 (56) Rajkovic,M (2073)-Mladenovic,S (2274)
Obrenovac 2013}) 12... Be7 (12... f6 13. exf6 gxf6 14. Bf4 Bg7 15. Nbd2 Nxd2
16. Rxd2 O-O 17. Qe3 Ne7 18. Nh4 Ng6 19. Nxg6 hxg6 20. Bh6 Rc6 21. Bxg7 Kxg7
22. Re1 $11 {1/2 (47) Krayz,A (2384)-Dvoirys,S (2549) Israel 2008}) 13. Ne1 f6
14. f3 Ng5 15. Bxg5 fxg5 16. Nc2 O-O 17. Nc3 Qe8 18. Qd3 Qh5 19. Ne2 Bd8 20.
Rac1 Bb6 $11 {1/2 (33) Fontaine,R (2557)-Vachier Lagrave,M (2573) France 2007})
(10. Bg5 Be7 (10... d3 11. Rxd3 Ng4 12. Na3 Nge5 13. Nxe5 Nxe5 14. Rd2 (14. Rd4
a6 15. Nc4 Nxc4 16. Rxc4 Rxc4 17. Qxc4 Be7 18. Bxe7 Kxe7 19. Rd1 {1/2 (19)
Palac,M (2571)-Jankovic,A (2540) Banja Vrucica 2009}) 14... a6 15. Rad1 Qc6 16.
f4 Nc4 17. Nxc4 Qxc4 18. Qf3 f6 19. Bh4 Be7 20. f5 O-O {1/2 (20) Ghaem Maghami,
E (2573)-Mamedov,R (2634) Baku 2012}) 11. cxd4 h6 12. Bxf6 (12. Bh4 O-O 13. Nc3
d5 14. e5 (14. Ne5 Qe8 15. Bxf6 Bxf6 16. exd5 exd5 17. Nxd5 Bxe5 18. dxe5 Nxe5
19. Re1 Ng6 20. Qd3 Qc6 21. Rad1 {1/2 (21) Idani,P (2473)-Aczel,G (2433)
Kecskemet 2012}) 14... Nh7 15. Bxe7 Nxe7 16. Rd3 Rc4 17. Nd2 Rb4 18. Nf1 Nf5
19. Rad1 Rc8 20. Ng3 Nxg3 21. Rxg3 Rbc4 $11 {0-1 (60) Stevic,H (2626)-Georgiev,
K (2637) Bol 2013}) 12... Bxf6 13. e5 (13. Nc3 O-O 14. d5 Ne5 15. Nd4 a6 16. a4
Rc4 17. dxe6 fxe6 18. Nc2 Rc6 19. Ne3 Qc7 20. Rac1 Qb6 $15 {0-1 (38) Ovetchkin,
R (2535)-Kobalia,M (2639) Togliatti 2003}) 13... Be7 14. exd6 Qxd6 15. Nc3 O-O
16. d5 exd5 17. Nxd5 Rfd8 18. Kf1 (18. Nxe7+ Qxe7 19. Qxe7 Nxe7 20. Rxd8+ Rxd8
21. Kf1 $11 {1/2 (31) Ghaem Maghami,E (2572)-Vachier Lagrave,M (2711) Al Ain
2012}) 18... Bf8 (18... Rb8 $1 $11) 19. Nb6 axb6 20. Rxd6 Rxd6 21. a3 Nd4 22.
Nxd4 Rxd4 23. Rd1 $16 {1-0 (51) Vachier Lagrave,M (2745)-Dominguez Perez,L 
(2754) Beijing 2013}) 10... Be7 (10... h6 11. Nd2 Nxd4 12. cxd4 Be7 13. e5 Nd5
14. Ne4 Rc6 15. Qg4 Kf8 16. Bd2 Rc4 17. exd6 Bxd6 18. Nxd6 Qxd6 19. Rac1 Rxc1
20. Rxc1 Kg8 $11 {0-1 (39) Sharif,M (2435)-Marjanovic,S (2515) Dortmund 1982})
11. Nf3 (11. Bg5 a6 12. Na3 Qc7 13. Nac2 O-O 14. Nxc6 Qxc6 15. Rd4 Rfd8 16.
Rad1 Qb6 17. Na3 Qa5 18. Bxf6 Bxf6 19. Rxd6 Rxd6 20. Rxd6 Be7 21. Rd7 Bxa3 22.
bxa3 Qxc3 23. g3 Qxa3 24. Rxb7 g6 {1/2 (24) Desboeufs,A (2052)-Soyer,J (2146)
St Chely d'Aubrac 2005}) 11... Qc7 12. c4 a6 13. b3 {White was probably not
watching carefully what were the options for his adversary. It is not possible
to hope for an advantage, but getting worse chances with White is even less
desirable.} (13. Nc3 Ne5 14. Nxe5 dxe5 15. b3 $11) 13... Nxe4 $5 14. Qxe4 Bf6
15. Nc3 {Not a great day for the White player as this meek move finally offers
chances for Dominguez. The equality was hidden in the extreme line with 15.Nd4,
but it is easy to understand White for not craving the complications.} (15. Nd4
d5 16. Qe3 Nxd4 17. Rxd4 Qe5 18. Bb2 Qxe3 19. fxe3 Bxd4 20. Bxd4 dxc4 $11)
15... Bxc3 16. Rb1 Bf6 17. Bb2 (17. Bf4 e5 18. Be3 O-O 19. Rd2 Be7 $15) 17...
Bxb2 18. Rxb2 Rd8 19. Rbd2 h6 {The Cuban star must be careful about White's
chances for lashing out against his king. Immediate castling was a way of
asking for trouble.} (19... O-O $6 20. Ng5 g6 21. Qh4 h5 22. Ne4 Ne7 23. Qg5
$14) 20. g4 Ne7 {Black does not want to provoke his strong opponent with the
more witty solution 20...h5!?} (20... h5 $5 21. g5 Ne7 22. Nd4 d5 $15) 21. Qf4
O-O 22. Qg3 (22. Rxd6 $2 Nd5 $19) 22... e5 23. Nh4 {The Russian representative
is not looking into tactical solutions like 23.c5!? as he believes in chances
to squeeze Black's major pieces into passive defence of the d6-pawn.} (23. c5
$5 Qxc5 24. Nxe5 d5 25. Nd3 Qb6 $15) 23... b5 {Dominguez is ignoring yet
another chance to solve some problems with the timely advance of the pawn 23...
f5!?} (23... f5 $5 24. Nxf5 Nxf5 25. gxf5 Rxf5 26. Qd3 Rff8 27. Qd5+ Kh8 $15)
24. cxb5 axb5 25. Nf5 Nxf5 (25... Ng6 26. g5 Nf4 27. gxh6 g6 28. Qh4 Kh7 29.
Qf6 (29. Ne3 g5 30. Qg4 f5 31. Nxf5 d5) 29... Nh5 30. Qe7 Qxe7 31. Nxe7 $11)
26. gxf5 Qe7 27. Rd5 b4 28. Qg4 Qf6 29. Qxb4 {Karjakin would love to end his
suffering without a pawn and transfer the position into a manageable form of
slight inferiority. It would have been fairly difficult for Black to improve
his forces in the event of restrained play with 29.Qe4.} (29. Qe4 Rfe8 30. Kg2
h5 $15) 29... Qxf5 30. Rxd6 Rxd6 31. Qxd6 (31. Rxd6 $2 Rc8 32. Qd2 Rc2 33. Qe3
Rxa2 $17) 31... Re8 $6 {Black plays a modest move with a honest ambition to
improve his rook for a kingside attack. Objectively better was to activate it
via the a-file.} (31... Ra8 32. Qd7 Qg6+ 33. Kf1 Rxa2 34. Qe8+ Kh7 35. Qxe5 Qc2
36. Qd4 Qxb3 37. Qd3+ Qxd3+ 38. Rxd3 g5 $15) 32. Rd3 $1 {White is on the alert
and his transfer of the rook to the third rank is an excellent defensive idea.}
Re6 (32... e4 33. Re3 Rc8 34. Qd4 Rc1+ 35. Kg2 Rc2 36. Rxe4 Rxf2+ 37. Qxf2
Qxe4+ 38. Qf3 $11) 33. Qd8+ Kh7 34. Rg3 Qb1+ 35. Kg2 Qe4+ 36. Kg1 Qe1+ 37. Kg2
Qe4+ {Activating the rook via f6 does not lead to any advantage.} (37... Rf6
38. Qd3+ g6 39. Qe3 $11) 38. Kg1 Rc6 39. Qd1 f5 40. b4 $2 {You may not need
much convincing that the 40th move has spoiled an extremely high number of
positions in chess history. The shortage of time before the time control is
preventing White from deciding for the best line 40.Qf3! with practical
equality.} (40. Qf3 $1 Qxf3 41. Rxf3 Kg6 42. a4 $1 (42. b4 Rc1+ 43. Kg2 Rb1 44.
a3 f4 45. Rc3 Rb2 $15) 42... e4 43. Re3 Rc1+ 44. Kg2 Kf6 45. b4 Ra1 46. a5 Ra2
47. Rc3 f4 48. Kf1 $11) 40... f4 41. b5 Rc2 42. Rb3 Re2 $1 43. Kf1 {White has
missed his chance and is now facing oblivion. It was more clever to try
interposing the rook on e3, but with the best play Black would have got a
winning position.} (43. Re3 Rxe3 44. fxe3 f3 $1 (44... Qxe3+ 45. Kf1 e4 46. Qc2
g6 (46... f3 47. b6 $11) 47. Qc7+ Kg8 $17) 45. Kf2 Qh4+ 46. Kf1 Qc4+ 47. Kf2 e4
48. Qf1 Qc2+ 49. Kg3 (49. Kg1 Qd2 50. h3 Qxe3+ 51. Kh1 f2 $19) 49... Qc7+ 50.
Kh3 Qe5 $19) (43. Rb1 $2 Qg6+ 44. Kf1 f3 $19) 43... Rxa2 $2 {I presume, that
Dominguez must have been haunted by the dreams about his second rate decision
to abstain from the obvious move 43...f3! with a hopeles position for White.} (
43... f3 $1 44. Re3 (44. b6 $2 Re1+ $1 45. Qxe1 Qc4+ 46. Kg1 Qg4+ $19) (44. h3
Qf5 45. Qd3 e4 $19) 44... Rxe3 45. fxe3 Qc4+ 46. Kf2 e4 47. Qd2 Qxb5 $19) 44.
f3 Qg6 $2 {Mistakes rarely come alone and the weak moment can cost half a
point or more. Black had to try 44...Qa8! with good chances to make the life
of White miserable.} (44... Qa8 $1 45. Qd3+ Kh8 46. b6 Rxh2 47. Ra3 Qc8 48. Kg1
Rh3 49. Rc3 Qe6 50. Qd8+ Kh7 51. Qd3+ e4 $19) 45. Qd3 $1 Qxd3+ 46. Rxd3 Rb2 47.
Rd5 Rxh2 48. Rxe5 Rb2 49. Ke1 Rb3 50. Ke2 (50. Kd2 $1 Rxf3 51. Kc2 $11) 50...
g5 51. Kd2 $1 {[%mdl 4096] Karjakin has spotted his chance to save the game.
Despite many pawns the black rook will be too passive behind the white pawn.}
Rxf3 (51... Kg7 52. Kc2 Rb4 53. Kc3 Rb1 54. Kc2 Kf6 55. Rc5 Rb4 56. Kc3 $11)
52. Kc2 Rf2+ (52... Ra3 53. b6 Ra2+ 54. Kc3 Ra8 55. b7 Rb8 56. Rb5 Kg6 57. Kd3
Kh5 58. Ke2 Kg4 59. Kf2 h5 60. Rb6 h4 61. Kg2 Kh5 62. Rb5 $11) 53. Kc3 Rf1 (
53... Ra2 54. b6 Ra8 55. b7 Rb8 56. Rb5 $11) 54. Kc2 Rf2+ 55. Kc3 Rf1 56. Kc2
Ra1 57. b6 Ra8 {There is no better way to stop the pesky white pawn marching
to the promotion square.} (57... Ra2+ 58. Kc3 Ra3+ 59. Kc2 $11) 58. b7 Rb8 59.
Rb5 Kg6 60. Kd3 Kf6 {Black is not able to win with pawn alone against the
white rook and the king. Going for the b7-pawn costs a lot of time and the
kingside pawn will not survive.} (60... h5 61. Ke4 h4 62. Kf3 h3 63. Kg4 h2 64.
Rxg5+ Kf6 65. Rh5 $11) 61. Ke4 Ke6 62. Rb6+ Kd7 63. Kf5 $1 f3 (63... Kc7 64.
Rxh6 Rg8 65. Rh7+ Kb8 66. Kg4 $11) 64. Rxh6 f2 65. Rh1 Rxb7 66. Rf1 $1 {
The technical part of the defence is easy as the black pawns can not be saved.}
Kd6 (66... Rb8 67. Kxg5 Rf8 68. Kg4 $11) 67. Kxg5 Rf7 68. Kg4 Ke5 69. Kg3 Ke4
70. Rxf2 Rxf2 71. Kxf2 {A very interesting game with a fascinating middlegame
phase and a very instructive rook endgame.} 1/2-1/2

[Event "EU-chT (Men) 12th"]
[Site "Batumi"]
[Date "1999.12.03"]
[Round "5.1"]
[White "Damljanovic, Branko"]
[Black "Stohl, Igor"]
[Result "0-1"]
[WhiteElo "2554"]
[BlackElo "2600"]
[Annotator "Ftacnik,L"]
[PlyCount "70"]
[EventDate "1999.11.06"]
[EventType "team-swiss"]
[EventRounds "9"]
[EventCountry "GEO"]
[SourceTitle "CBM 074"]
[Source "ChessBase"]
[SourceDate "2000.02.01"]
[SourceVersion "1"]
[SourceVersionDate "2000.02.01"]
[SourceQuality "1"]
[WhiteTeam "Yugoslavia"]
[BlackTeam "Slovakia"]
[WhiteTeamCountry "YUG"]
[BlackTeamCountry "SVK"]

1. e4 c5 2. Nf3 d6 3. Bb5+ Bd7 4. Bxd7+ Qxd7 5. c4 Nc6 6. O-O Nf6 7. Nc3 g6 8.
d4 cxd4 9. Nxd4 Bg7 10. Nde2 Qe6 $5 11. Qb3 (11. Nd5 Qxe4 12. Nc7+ Kd7 13. Nxa8
Qxc4 14. Nb6+ axb6 15. Nc3 Ra8 16. a4 Ne4 17. Nxe4 Qxe4 18. Qb3 f5 19. Bg5 Qb4
20. Qf7 Be5 21. h3 Rxa4 22. Rxa4 Qxa4 23. Qxh7 Bxb2 24. Qxg6 Qe4 {1-0 Kasparov,
G-The World/Internet MSN/1999/ (62)}) 11... O-O (11... Rc8 $5 12. Nf4 (12. Qxb7
O-O 13. Qb5 Nxe4 (13... Nb8 14. f3 a6 15. Qb3 Qxc4 $11) 14. Nf4 Qe5 15. Qxe5
dxe5 16. Nxe4 exf4 $11) 12... Qd7 13. Qa3 $13) 12. Nf4 Qc8 (12... Qd7 13. Rd1
$13) 13. Nfd5 e6 {Black is doing fine after an interesting idea 10...Qe6!?
first used against Kasparov.} (13... Nxd5 14. cxd5 Nd4 15. Qd1 $13) 14. Nxf6+
Bxf6 15. Bh6 Rd8 16. Rac1 Ne5 17. Ne2 $2 (17. Qd1 $1 Qc6 (17... Qxc4 $2 18. Nd5
exd5 19. Rxc4 dxc4 20. Qd5 $16) (17... Nxc4 $2 18. b3 Nb6 19. Nd5 $16) 18. b3
a6 $11) 17... Qc6 18. Qc2 (18. f3 Rac8 $17) 18... Rac8 19. b3 d5 $1 {White is
clearly on the defensive now, all black pieces are occupying excellent squares.
} 20. exd5 exd5 21. Nd4 (21. Bf4 dxc4 22. Bxe5 Bxe5 23. bxc4 b5 $1 24. c5 Rd5
$17) 21... Qd7 (21... Qa6 22. Nb5 (22. c5 Nd3 23. Rcd1 Nxc5 24. Be3 Ne4 $17)
22... dxc4 23. bxc4 Rxc4 $17) 22. c5 Ng4 23. Be3 Re8 24. Qd3 (24. Rfe1 Nxe3 25.
fxe3 Rxe3 26. Rxe3 Bxd4 27. Qd2 Bxc5 $19) 24... Nxe3 25. fxe3 Bg5 26. Rfe1 (26.
Rf3 Qe7 27. Re1 Rxc5 $19) 26... Qe7 27. Kf2 (27. Rc3 Rxc5 28. Rxc5 Qxc5 $17)
27... Rxc5 28. Rxc5 Qxc5 {Black has won a pawn and managed to keep all
advantages of his position.} 29. Nf3 Bf6 (29... Bh6 30. Re2 f5 $19) 30. Re2 Kg7
31. g3 h5 32. Rc2 Qb6 $1 (32... Rxe3 $2 33. Qxg6+ $3 fxg6 34. Rxc5 Rd3 35. Ke2
$11) 33. a4 $2 $138 Re4 {xb3} 34. Nd2 Rxe3 $1 35. Qb5 (35. Qxe3 Bd4 $19) 35...
Rxb3+ (35... Rxb3+ 36. Qxb6 Rxb6 $19) 0-1